Comparative Institutional Development Trends in Selected Countries: Current Varieties of Capitalism

Vývoj reálne fungujúcich ekonomických systémov podľa vybraných inštitucionálnych charakteristík. Kritický pohľad na štáty s rôznymi typmi ekonomických systémov. Zhodnotenie, či sú nevyhnutné pre ekonomický rozvoj zmeny v tendencií približovania sa k liberálnemu modelu inštitucionálnej architektúry.

Salvato in:
Dettagli Bibliografici
Autore principale: Piovarčiová, Veronika, 1951-
Altri autori: Ščepánová, Petra
Natura: Capitolo di libro
Lingua:inglese
Soggetti:
Tags: Aggiungi Tag
Nessun Tag, puoi essere il primo ad aggiungerne!!

MARC

LEADER 00000naa a2200000 4500
001 0216278
005 20240502083542.7
041 0 |a eng 
044 |a UA 
245 1 0 |a Comparative Institutional Development Trends in Selected Countries: Current Varieties of Capitalism  |c Veronika Piovarčiová, Petra Ščepánová 
520 |a Vývoj reálne fungujúcich ekonomických systémov podľa vybraných inštitucionálnych charakteristík. Kritický pohľad na štáty s rôznymi typmi ekonomických systémov. Zhodnotenie, či sú nevyhnutné pre ekonomický rozvoj zmeny v tendencií približovania sa k liberálnemu modelu inštitucionálnej architektúry. 
610 2 0 |a systémy ekonomické 
610 2 0 |a kapitalizmus 
610 2 0 |a liberalizmus 
610 2 0 |a inštitúcie verejnoprávne 
610 2 0 |a analýza komparatívna 
610 2 0 |a indexy 
100 1 |a Piovarčiová, Veronika, 1951- 
700 1 |a Ščepánová, Petra